One Word Hint Country Clues #2 - Statistics

General Stats
  • This quiz has been taken 20 times
  • The average score is 14 of 30
Answer Stats
Hint Answer % Correct
Heil Germany
85%
Napalm Vietnam
80%
Great Wall China
75%
Curry India
75%
Poutine Canada
70%
Original Democracy Greece
70%
Julius Caesar Italy
70%
Ivory Ivory Coast
70%
Guns United States
70%
Graveyard Afghanistan
65%
Mesopatamia Iraq
65%
Catholic Vatican
65%
Yugoslavia Serbia
55%
Skyscraper UAE
55%
Great African Lakes Tanzania
50%
Genocide Israel
45%
Old People Japan
45%
Totalitarian North Korea
45%
Svalbard Norway
45%
Kingdoms United Kingdom
35%
Archapelago Indonesia
30%
Asian War-Crimes Japan
30%
Poorest Burundi
25%
Kurwa Poland
25%
American Colonialism Spain
25%
Name Change Macedonia
20%
Tostadas Portugal
15%
Square Egypt
10%
No Beaches Bosnia
5%
Unkown Sao Tome
5%
No matching quizzes found
Score Distribution
Percent of People with Each Score
Percentile by Number Answered
Your Score History
You have not taken this quiz